| 000 | 00621 a2200205 4500 | ||
|---|---|---|---|
| 001 | 63826 | ||
| 005 | 20260407155938.0 | ||
| 008 | 260407a1965 arg spa d | ||
| 003 | AR-UNSa-BCEJYS | ||
| 040 |
_aAR-UNSa-BCEJYS _bspa _cAR-UNSa-BCEJYS |
||
| 080 |
_a657.6 _xAuditoria (control interno) |
||
| 245 | 1 | 0 | _aManual europeo de revisión contable |
| 264 | 1 |
_aBilbao : _bEdiciones Deusto _c1965 |
|
| 300 |
_a215 p. _c24 cm. |
||
| 041 | _aspa | ||
| 942 | _cBK | ||
| 590 | _aniveau_biblio:m niveau_hierar:0 | ||
| 100 | 1 | _aUnión Europea de Expertos Contables, Económicos y Financieros | |
| 700 | 1 | _aQueréndez, Francisco | |
| 999 |
_c8335 _d8335 |
||